| 000 | 00415nam a22001577a 4500 | ||
|---|---|---|---|
| 003 | OSt | ||
| 008 | 210915b ||||| |||| 00| 0 eng d | ||
| 020 | _a9789390175406 | ||
| 082 |
_a664.02 _bPAR/FO |
||
| 100 |
_aPare, Akash _95056 |
||
| 245 | _aFood Process Engineering & Tchnology | ||
| 260 |
_aNew Delhi _bNew India Publishing Agency _c2021 |
||
| 300 | _a360 pages | ||
| 700 |
_aMandhyan , B.L _95057 |
||
| 942 | _cBK | ||
| 999 |
_c17426 _d17426 |
||